MARC details
| 000 -CABECERA |
| campo de control de longitud fija |
01150nam a2200277 a 4500 |
| 001 - NÚMERO DE CONTROL |
| campo de control |
000026968 |
| 005 - FECHA Y HORA DE LA ÚLTIMA TRANSACCIÓN |
| campo de control |
20240610111826.0 |
| 008 - DATOS DE LONGITUD FIJA--INFORMACIÓN GENERAL |
| campo de control de longitud fija |
110328t1999 dr a 001 0 spa d |
| 040 ## - FUENTE DE LA CATALOGACIÓN |
| Centro catalogador/agencia de origen |
DO-SdBNP |
| Lengua de catalogación |
spa |
| Centro/agencia transcriptor |
BNPHU |
| 082 ## - NÚMERO DE LA CLASIFICACIÓN DECIMAL DEWEY |
| Número de clasificación |
972.9375 |
| Número de documento/Ítem |
C957s |
| 049 ## - FONDOS LOCALES (OCLC) |
| Fondos de biblioteca |
BNPD |
| 100 ## - ENTRADA PRINCIPAL--NOMBRE DE PERSONA |
| Nombre de persona |
Cruz Méndez, Manuel |
| 9 (RLIN) |
37495 |
| 245 10 - MENCIÓN DE TÍTULO |
| Título |
Santo Domingo a fines del siglo 18 : |
| Resto del título |
documentos, comentarios y glosas / |
| Mención de responsabilidad, etc. |
Manuel Cruz Méndez. |
| 260 ## - PUBLICACIÓN, DISTRIBUCIÓN, ETC. |
| Lugar de publicación, distribución, etc. |
Santo Domingo : |
| Nombre del editor, distribuidor, etc. |
UASD, |
| Fecha de publicación, distribución, etc. |
1999. |
| 300 ## - DESCRIPCIÓN FÍSICA |
| Extensión |
83 p. : |
| Otras características físicas |
il. ; |
| Dimensiones |
21 cm. |
| 490 1# - MENCIÓN DE SERIE |
| Mención de serie |
Publicaciones de la Universidad Autónoma de Santo Domingo |
| Designación de volumen o secuencia |
938 |
| 490 1# - MENCIÓN DE SERIE |
| Mención de serie |
Historia y sociedad |
| Designación de volumen o secuencia |
95 |
| 504 ## - NOTA DE BIBLIOGRAFÍA, ETC. |
| Nota de bibliografía, etc. |
Incluye bibliografía y notas al pie de páginas. |
| 504 ## - NOTA DE BIBLIOGRAFÍA, ETC. |
| Nota de bibliografía, etc. |
Bibliografía : p. 81-83. |
| 650 #4 - PUNTO DE ACCESO ADICIONAL DE MATERIA--TÉRMINO DE MATERIA |
| Término de materia o nombre geográfico como elemento de entrada |
Ciudades y pueblos |
| Subdivisión general |
Historia |
| Subdivisión geográfica |
República Dominicana |
| 9 (RLIN) |
12424 |
| 651 #4 - PUNTO DE ACCESO ADICIONAL DE MATERIA--NOMBRE GEOGRÁFICO |
| Nombre geográfico |
Santo Domingo (República Dominicana{Rpara} |
| Subdivisión general |
Vida Social Y Costumbres |
| 9 (RLIN) |
1895 |
| 651 #4 - PUNTO DE ACCESO ADICIONAL DE MATERIA--NOMBRE GEOGRÁFICO |
| Nombre geográfico |
Santo Domingo (República Dominicana{Rpara} |
| Subdivisión general |
Historia Local |
| 9 (RLIN) |
1894 |
| 830 #0 - PUNTO DE ACCESO ADICIONAL DE SERIE-TÍTULO UNIFORME |
| Título uniforme |
Publicaciones de la Universidad Autónoma de Santo Domingo |
| Número de parte o sección de la obra |
938 |
| 9 (RLIN) |
54060 |
| 830 #0 - PUNTO DE ACCESO ADICIONAL DE SERIE-TÍTULO UNIFORME |
| Título uniforme |
Historia y sociedad |
| Número de parte o sección de la obra |
95 |
| 9 (RLIN) |
54061 |
| 910 ## - DATOS DE OPCIÓN DEL USUARIO (OCLC) |
| Datos de opción del usuario |
Validado. Control de calidad EMS. |